[Event "GER-chT11-B1 email"]
[Site "GER email"]
[Date "2015.10.15"]
[Round "?.1"]
[White "Schmenger, Juergen"]
[Black "Brodda, Wolfgang"]
[Result "1/2-1/2"]
[WhiteElo "2411"]
[BlackElo "2596"]
[PlyCount "59"]
[EventDate "2015.??.??"]
[EventType "tourn (corr)"]
[EventRounds "8"]
[EventCountry "GER"]
[SourceTitle "Corr 2017"]
[Source "ChessBase"]
[SourceDate "2017.09.19"]
[SourceVersion "1"]
[SourceVersionDate "2017.09.19"]
[SourceQuality "1"]
[WhiteTeam "FSG Sparrenburg Bielefeld"]
[BlackTeam "Zugzwang Bocholt II"]

1. e4 c5 2. Nf3 d6 3. d4 cxd4 4. Nxd4 Nf6 5. Nc3 a6 6. Be3 e5 7. Nb3 Be6 8. f3 Be7 9. Qd2 0-0 10. 0-0-0 Nbd7 11. g4 b5 12. g5 b4 13. gxf6 bxc3 14. Qxc3 Nxf6 15. Na5 Rc8 16. Nc6 Qd7 17. Nxe7+ Qxe7 18. Qa5 Rc6 19. Rg1 Rfc8 20. Rg2 Bh3 21. Rgd2 Bxf1 22. Rxf1 Qe6 23. Rff2 h6 24. Rd3 Nd7 25. Kb1 f5 26. Qe1 Nf6 27. Rg2 f4 28. Bc1 d5 29. exd5 Nxd5 30. h4 1/2-1/2

[Event "GER-chT9 KI-36 Br03 email"]
[Site "GER email"]
[Date "2011.10.17"]
[Round "?"]
[White "Barth, Hans Juergen"]
[Black "Schmenger, Juergen"]
[Result "1/2-1/2"]
[WhiteElo "2065"]
[BlackElo "2133"]
[PlyCount "57"]
[EventDate "2011.10.23"]
[EventType "tourn (corr)"]
[EventRounds "4"]
[EventCountry "GER"]
[SourceTitle "Corr 2015"]
[Source "ChessBase"]
[SourceDate "2015.07.17"]
[SourceVersion "1"]
[SourceVersionDate "2015.07.17"]
[SourceQuality "1"]
[WhiteTeam "Germany"]
[BlackTeam "Latvia"]
[WhiteTeamCountry "GER"]
[BlackTeamCountry "LAT"]

1. e4 e5 2. Nf3 Nf6 3. Nxe5 d6 4. Nf3 Nxe4 5. d4 d5 6. Bd3 Nc6 7. 0-0 Be7 8. c4 Nb4 9. cxd5 Nxd3 10. Qxd3 Qxd5 11. Re1 Bf5 12. g4 Bg6 13. Nc3 Nxc3 14. Qxc3 f6 15. Nh4 Kd7 16. Bf4 Rac8 17. Re3 Bd6 18. Bxd6 cxd6 19. Qd2 Rhe8 20. Nxg6 hxg6 21. Rae1 Qxa2 22. Qb4 Rxe3 23. Qxb7+ Rc7 24. Qb5+ Rc6 25. fxe3 a6 26. Qd3 Qxb2 27. Qxg6 Rc1 28. Rf1 Rxf1+ 29. Kxf1 1/2-1/2

[Event "GER-chT9 KI-36 Br03 email"]
[Site "GER email"]
[Date "2011.10.17"]
[Round "?"]
[White "Schmenger, Juergen"]
[Black "Boecker, Marcus"]
[Result "1-0"]
[WhiteElo "2133"]
[BlackElo "1531"]
[PlyCount "97"]
[EventDate "2011.10.23"]
[EventType "tourn (corr)"]
[EventRounds "4"]
[EventCountry "GER"]
[SourceTitle "Corr 2015"]
[Source "ChessBase"]
[SourceDate "2015.07.17"]
[SourceVersion "1"]
[SourceVersionDate "2015.07.17"]
[SourceQuality "1"]
[WhiteTeam "Germany"]
[BlackTeam "Latvia"]
[WhiteTeamCountry "GER"]
[BlackTeamCountry "LAT"]

1. e4 d6 2. d4 Nf6 3. Nc3 Nbd7 4. f4 e5 5. Nf3 exd4 6. Qxd4 c6 7. Be3 d5 8. exd5 Bc5 9. Qd3 Qe7 10. Nd4 Nxd5 11. Nxd5 cxd5 12. Nf5 Qf6 13. 0-0-0 0-0 14. g4 Re8 15. Bxc5 Nxc5 16. Qxd5 Bxf5 17. Qxf5 Qxf5 18. gxf5 Re4 19. a3 Rc8 20. b4 Nb3+ 21. Kb1 Nd4 22. Bg2 Rxf4 23. Bxb7 Rc7 24. Ba6 Kf8 25. Rhe1 f6 26. Bd3 Nxf5 27. c4 Rf3 28. c5 g6 29. Bxf5 Rxf5 30. Rd6 Rf2 31. Red1 Ke7 32. c6 Rf1 33. b5 Rxd1+ 34. Rxd1 f5 35. Kc2 g5 36. a4 f4 37. Kd3 Kd8 38. a5 Kc8 39. Re1 Kb8 40. Re8+ Rc8 41. Rxc8+ Kxc8 42. b6 axb6 43. a6 Kb8 44. Ke4 f3 45. Kxf3 h5 46. Ke4 g4 47. Kd5 g3 48. hxg3 h4 49. gxh4 1-0

[Event "GER-Cup17 qual-08 Server email"]
[Site "GER email"]
[Date "2007.07.23"]
[Round "?"]
[White "Schmenger, Juergen"]
[Black "Weber, Karlheinz"]
[Result "1-0"]
[WhiteElo "2397"]
[BlackElo "2358"]
[PlyCount "77"]
[EventDate "2007.??.??"]
[EventType "tourn (corr)"]
[EventRounds "6"]
[EventCountry "GER"]
[SourceTitle "Corr 2020"]
[Source "ChessBase"]
[SourceDate "2019.09.30"]
[SourceVersion "1"]
[SourceVersionDate "2019.09.30"]
[SourceQuality "1"]

1. e4 c5 2. Nf3 d6 3. d4 cxd4 4. Nxd4 Nf6 5. Nc3 a6 6. Be3 e5 7. Nb3 Be6 8. f3 Be7 9. Qd2 0-0 10. 0-0-0 Nbd7 11. g4 b5 12. g5 b4 13. gxf6 bxc3 14. Qxc3 Nxf6 15. Na5 Rc8 16. Nc6 Qc7 17. Nxe7+ Qxe7 18. Qa5 Rc6 19. Rg1 g6 20. Kb1 d5 21. Bg5 dxe4 22. fxe4 Qa7 23. Bd3 Ng4 24. Rg3 f6 25. Bc1 Nxh2 26. Rh1 Qf2 27. Rhg1 Nf3 28. R1g2 Qe1 29. Qa4 Rc5 30. b3 Ra5 31. Qc6 Nd4 32. Qc7 Rf7 33. Qd8+ Rf8 34. Qe7 Rf7 35. Qe8+ Kg7 36. Rg1 Bd7 37. Qxf7+ Kxf7 38. Rxe1 Rc5 39. Rh1 1-0